Представление документа в формате MARC21

Поле Инд. ПП Название Значение
Тип записи a
Библиографический уровень b
001 Контрольный номер 5f2bf0d8c19a4ae2b68b8e25816a9950
005 Дата корректировки 20210908160201.4
024 80 a Стандартный номер DOI: 10.1515/eces-2018-0024
040 a Служба первич. каталог. РИНЦ
b Код языка каталог. rus
041 0_ a Код языка текста eng
097 a Ануфриева Г.Ю.
100 1_ a Автор Zinicovscaia I.
100 1_ a Автор Vergel K.
100 1_ a Автор Frontasyeva M. V.
c Титул (звания) доцент; кандидат физико-математических наук
g Прочие сведения РИНЦ AuthorID: 62407 (http://elibrary.ru/author_items.asp?authorid=62407); Scopus Author ID: 6508049543 (https://www.scopus.com/authid/detail.uri?authorId=6508049543)
i 000091007
k Кафедра химии, новых технологий и материалов; Факультет естественных и инженерных наук
q Полное имя Фронтасьева Марина Владимировна
u Дополнение Фронтасьева М. В.; Frontas'eva M. V.
100 1_ a Автор Vieru E.
100 1_ a Автор Povar I.
100 1_ a Автор Duca G.
245 10 a Заглавие Active moss biomonitoring of trace elements air pollution in Chisinau, republic of Moldova
773 18 t Название источника Ecological Chemistry and Engineering S
b Сведения об издании SOC ECOLOGICAL CHEMISTRY & ENGINEERING; Towarzystwo Chemii i Inzynierii Ekologicznej
c Poland
d Место и дата издания 2018
m Специф. данные входит в Scopus;входит в WoS;входит в ядро РИНЦ;зарубежный журнал;ненулевой импакт-фактор
n Примечание https://elibrary.ru/title_about.asp?id=30845
p Ecol. Chem. Eng. S-
o Прочие индексы wos 0.717, scopus 0.74, ринц -
x ISSN 1898-6196
g Прочая информация V. 25. - № 3. - P. 361 - 372
w Контрольный № источника e0a1360318e540588e34f8769fea934b
856 40 u URL https://elibrary.ru/item.asp?id=38637831
901 t Тип документа b
952 c Вид литературы статья в журнале